000 00269nam a22001217a 4500
008 180208b xxu||||| |||| 00| 0 eng d
041 _aeng
080 _a330
100 _a52
101 _aEKO
245 _aNonindustrial Private Forests
_cRoyer, J.P
942 _2udc
_cBK
999 _c42076
_d42076